[Event "Reykjavik op 23rd"]
[Site "Reykjavik"]
[Date "2008.03.10"]
[Round "8"]
[White "Mikhalevski, Victor"]
[Black "Stefansson, Hannes"]
[Result "0-1"]
[WhiteElo "2632"]
[BlackElo "2566"]
[Annotator "Mikhalevski,V"]
[PlyCount "132"]
[EventDate "2008.03.03"]
[EventType "swiss"]
[EventRounds "9"]
[EventCountry "ISL"]
[SourceTitle "CBM 123"]
[Source "ChessBase"]
[SourceDate "2008.04.02"]
[SourceVersion "1"]
[SourceVersionDate "2008.04.02"]
[SourceQuality "1"]

1. d4 d5 2. c4 c6 3. Nf3 Nf6 4. Nc3 e6 5. Bg5 Nbd7 6. e3 Qa5 7. cxd5 Nxd5 8.
Qd2 Bb4 9. Rc1 h6 10. Bh4 c5 {The main line. Surprisingly this position had
never occurred in my games before.} (10... O-O {0-1 L'Ami,E (2541)-Gurevich,M 
(2652)/Germany 2006/CBM 112/[Gurevich,M] (63) However I'd based my home
preparation on Kramnik's nice win in the following game. 1-0 Kramnik,V (2729)
-Bruzon Bautista,L (2652)/Turin 2006/CBM 113 (32)}) 11. a3 Bxc3 12. bxc3 b6 13.
Ne5 $6 {An extremely rare move, which shouldn't promise much, but can serve as
a surprise weapon. White changes pawn structure in order to unbalance the
position.} ({White has also tried other options and three of them are at least
not worse than the text.} 13. Bd3 {1/2-1/2 Ruck,R (2546)-Dreev,A (2698)/Saint
Vincent 2005/CBM 110/[Babula,V] (32).}) (13. c4 {1-0 Grischuk,A (2710)-Dreev,A
(2704)/Poikovsky 2005/CBM 106/[Erenburg] (35)}) (13. Bg3 {0-1 Gligoric,S (2481)
-Blagojevic,D (2486)/Herceg Novi 2001/CBM 083/[Tsesarsky] (34)}) (13. e4 {
1/2-1/2 Atalik,S (2593)-Nogueiras,J (2540)/Havana 1999/CBM 071/[Tsesarsky] (63)
}) 13... Nxe5 14. dxe5 g5 15. Bg3 {Only this natural retreat turns out to be a
novelty.} ({In the only preceding game White played} 15. e4 Ne7 (15... Nxc3 $5
16. Bg3 Nxe4 17. Qxa5 bxa5 18. f3 Nxg3 19. hxg3 $11) 16. Rd1 O-O 17. Bg3 Bb7
$132 {0-1 Sherbakov,R (2559)-Goloshchapov,A (2446)/Ekaterinburg 1999/CBM 075 
(58) with a double edged position.}) 15... Bb7 16. e4 Ne7 17. h4 $5 ({The solid
} 17. f3 $5 {[%cal Gh2h4] was also possible.}) 17... Bxe4 {Eliminating an
important central pawn.} (17... g4 $5) 18. hxg5 h5 {I took a long thought here.
It's clear that White wants to prevent long castling. On the other hand the
a3-pawn is hanging. Suddenly a surprising idea came to my mind and I played}
19. Qb2 $5 ({It's not clear what White achieves after} 19. f3 Bc6) 19... O-O-O
$6 {Missing White's idea.} (19... Bc6 $1 {Preparing to castle long was better.}
) 20. Qb4 $1 {The point of the previous move.} Qxb4 (20... cxb4 21. cxb4+ $14)
21. cxb4 Bd3 $5 {An interesting pawn sacrifice. Black's idea is to exchange
the light-squared bishop, to meet bxc5 with b5 and then to block the c-pawn on
c6, while the knight will dominate over the dark-squared bishop.} (21... Ng6 $5
{[%cal Gh5h4]}) 22. bxc5 b5 {[%cal Gc8c7,Gc7c6]} 23. Rh4 $1 {[%cal Ga3a4] The
rook enters the game.} Bxf1 24. Kxf1 Kb7 $6 {[%cal Gb7c6]} (24... Nf5 $1 25.
Rb4 Nxg3+ 26. fxg3 a6 27. a4 $1 Rhg8 28. axb5 axb5 29. Rxb5 Rd5 $1 $11) ({
In the event of} 24... Kc7 25. Rf4 {with the idea} Nf5 $2 (25... Rhf8 $5) 26.
Rxf5 exf5 27. e6+ Kc6 28. exf7 $18 {and White's pawns decide the game.}) 25. a4
$1 {Preparing the following beautiful combination.} a6 26. Rf4 $1 Nf5 $6 (26...
Rh7 $14 {was a better defence.}) 27. c6+ $1 {Not allowing him to block the
c-pawn.} Kb6 28. a5+ $1 Kxa5 $2 {The losing move.} (28... Ka7 {was necessary,
but White retains a better position after} 29. Bh2 $14) 29. Rxf5 $1 exf5 30. e6
$1 fxe6 ({The game can't be saved after} 30... Rdf8 31. Bc7+ Ka4 32. Be5 $1
Rhg8 33. Bd6 fxe6 34. Ra1+ Kb3 35. Bxf8 Rxf8 36. g6 Rc8 37. g7 $18 {and White
wins.}) 31. Bc7+ Ka4 ({or} 31... Kb4 32. Bxd8 Rxd8 33. g6 Rc8 (33... Ka5 34. c7
Rc8 35. g7 {[%cal Gc1d1,Gd1d8]} b4 (35... Kb6 36. Rd1 $1 $18) 36. Rd1 b3 37.
Ke2 $1 h4 (37... b2 38. Rb1 $1) 38. g8=Q Rxg8 39. Rd8 b2 40. c8=Q b1=Q 41. Qc5+
Ka4 42. Rd4+ $18) (33... a5 34. c7 Rc8 35. Rb1+ {-33...Rc8}) (33... Ka3 34. c7
Rc8 35. g7 b4 36. Ra1+ $1 Kb2 37. Rd1 $18) (33... Ka4 34. Ra1+ $1 Kb3 35. c7
Rc8 36. g7 b4 37. Rd1 $18) 34. g7 a5 (34... Ka5 35. c7 b4 36. Ke2 b3 37. Rd1 h4
38. Kf3 $1 f4 (38... e5 39. Rd5+ $1 Ka4 40. Rd8 b2 41. g8=Q b1=Q 42. Qc4+ Ka5
43. Rd5+ Kb6 44. Rd6+ Kb7 45. Qc6+ Ka7 46. Qxa6#) 39. Rd8 (39. Rd2 $5) 39... b2
40. Rxc8 b1=Q 41. g8=Q $18 {and the king escapes the checks.}) 35. Rb1+ $18 {
31...Ka4.}) 32. Ra1+ (32. Bxd8 Rxd8 33. Ra1+ {transposes to 32.Ra1.}) 32... Kb4
(32... Kb3 33. Bxd8 Rxd8 {[%cal Gd8c8,Gc8c7]} 34. g6 $1 {Preventing the Rc8-c7
idea.} b4 35. c7 Rc8 36. g7 Kc2 (36... Kc4 37. Rd1 b3 38. g8=Q $1 Rxg8 39. Rd8
$18) 37. Ra2+ $1 Kc1 (37... Kc3 38. Rxa6 b3 39. Rc6+ Kd2 40. g8=Q Rxg8 41. Rd6+
Kc2 42. Rd8 $18) 38. Ke2 $1 b3 39. Rd2 b2 40. g8=Q $1 Rxg8 41. Rd8 b1=Q 42.
c8=Q+ Kb2 43. Rd2+ $18) 33. Rxa6 $4 $138 {After missing a decisive idea of g8Q
with the following Rd8 I decided to try playing with a bishop and two passed
pawns vs a rook. A typical time trouble idea.} ({Meanwhile} 33. Bxd8 $1 {
leads to a forced win.} Rxd8 34. g6 $1 (34. Rxa6 $2 Kc5 35. c7 Rc8 36. Rxe6
Rxc7 37. Re5+ Kc4 38. Rxf5 b4 39. Ke2 b3 40. Kd2 Kb4 41. g6 b2 42. Rf8 Kb3 43.
Rb8+ Ka2 44. Ra8+ $11) 34... a5 (34... Kc5 35. c7 Rc8 36. g7 b4 37. Rd1 b3 38.
g8=Q $1 Rxg8 39. Rd8 $18) 35. Rb1+ $1 {An important intermediate check.} Ka4 (
35... Kc5 36. c7 Rc8 37. g7 b4 38. Rd1 b3 39. g8=Q $1 {This is the idea I
missed in my calculations.} Rxg8 40. Rd8 $18) (35... Kc3 36. g7 Rc8 37. c7 a4
38. Rd1 a3 39. g8=Q $1 Rxg8 40. Rd8 $18) 36. c7 Rc8 37. g7 b4 38. Ra1+ $1 {
Another strong intermediate check. Now Black is forced either to go to b5 and
then the king will be on the same line with the future queen on b1 or to b3
where the king prevents advance of its own b-pawn.} Kb5 (38... Kb3 39. Rd1 $1
$18) 39. Rd1 {[%cal Gd1d8]} b3 40. Ke2 $3 $18 {The key-move. White takes his
king away from the first rank and prepares Rd8. At the same time Black can't
advance the b-pawn as it will be immediately lost.} Ka4 {Moving the king away
from the b-file.} (40... b2 41. Rb1 $1 Kc6 42. Rxb2 $18 {[%cal Gb2b8]}) (40...
a4 41. Rd8 b2 42. Rxc8 $18 {[%cal Gc8b8]}) 41. Rd4+ $1 {Once again Black has
to make an unpleasant choice: either the king goes to the b-file and loses the
queen after Rd8-c8-b8+ or to a3 where it gets under Qg3+.} Ka3 (41... Kb5 42.
Rd8 b2 43. Rxc8 b1=Q 44. Rb8+ $18) 42. Rd8 b2 43. g8=Q b1=Q 44. Qg3+ $1 Ka4 (
44... Ka2 45. Rd2+ $18) 45. Qf4+ Kb5 46. Qe5+ $18 {and with the centralized
queen White can capture the rook. This would crown White's combination started
with 25.a4!}) (33. Ba5+ $5 {is also enough for a win.} Kc4 (33... Kb3 34. Bxd8
Rxd8 {transposes to 32...Kb3.}) 34. Bxd8 Rxd8 35. Rc1+ (35. g6 Rc8 36. c7 b4
37. g7 b3) 35... Kb3 36. g6 Rc8 37. g7 a5 38. c7 a4 39. g4 $3 hxg4 40. Rb1+ Kc2
41. Rxb5 a3 42. g8=Q Rxg8 43. Rb8 a2 44. Rxg8 a1=Q+ 45. Kg2 $18 {That's why 39.
g4!! was played.}) 33... Ra8 (33... Rd5 $5 34. f4 Rc8 35. Be5 Kc5 36. g6 b4 ({
After} 36... Rxc6 $2 37. Rxc6+ Kxc6 38. Bf6 $1 Rd7 39. g7 $16 {it's Black who
has to look for escape.}) 37. g7 Kb5 38. Ra7 Rg8 39. c7 Kb6 40. Ra4 Rxe5 41.
fxe5 Kxc7 42. Rxb4 Rxg7 43. Rc4+ Kb6 44. Rd4 $15 {and White should be able to
keep a draw.}) 34. Bd6+ $1 ({Definitely not} 34. Rb6 $2 Kc5 $19) 34... Kc4 35.
Rb6 $1 (35. Rxa8 Rxa8 36. c7 Kd5 37. Be7 Kc6 38. Bd8 b4 $19 {and Black should
be able to win.}) 35... Kd5 ({In the event of} 35... Rhg8 36. f4 $1 $11 {
[%csl Ge5] White obtains the e5-square for the bishop.}) 36. c7 {[%cal Gf2f4]}
e5 37. Be7 $1 Rhc8 38. Rd6+ {An attempt to win a drawish position which
eventually led to a loss.} ({White had to agree with a draw after} 38. Rxb5+
Ke6 (38... Kc6 39. Rxe5 Kxc7 40. Bf6 Kd6 41. g3 $11) 39. Bd8 f4 40. Rb6+ Kf5
41. Rf6+ Kxg5 42. Rd6+ Kf5 (42... Kg4 43. f3+ Kg3 44. Rg6+ Kh2 45. Rh6 Ra1+ 46.
Kf2 Ra2+ 47. Kf1 Ra1+ 48. Kf2 $11) 43. f3 e4 44. Rd5+ Ke6 45. fxe4 $11) 38...
Kc4 39. Rd8 $4 $138 {This was already too much. On the last seconds of the
first time control I had noticed that I promote the g-pawn with a check, but
as usually happens I missed Black's very first move.} (39. Rc6+ $11) 39... Ra1+
$1 40. Ke2 Rxc7 $19 {Now despite a strong g-pawn White's position is lost.} 41.
Bf6 Rg1 {This move came as a complete surprise.} (41... Ra2+ $5) 42. g3 (42.
Bxe5 {was a tougher defence, however after} Re7 43. Rc8+ Kb3 44. f4 Rxg2+ 45.
Kf3 Rg4 $19 {White's chances to survive are not big.}) 42... Rc6 $1 {
Preventing the advance of the g-pawn.} 43. Rf8 $6 (43. Bxe5 Re6 44. f4 Rxg3 $19
) (43. Kf3 $1 {was necessary.} Re6 44. Rf8 e4+ 45. Ke3 (45. Kf4 $2 e3 $1 $19)
45... Ra6 46. Rc8+ Kd5 47. Rd8+ Rd6 48. Rf8 Ke6 49. Re8+ Kd7 50. Rb8 {and
White is still in the game.}) (43. g6 Rxf6 44. g7 Rg6 45. g8=Q+ Rxg8 46. Rxg8
b4 $19) 43... f4 44. Bxe5 (44. gxf4 exf4 45. Kf3 b4 46. Kxf4 b3 47. Re8 h4 48.
Re4+ Kd3 49. Re3+ Kc2 $19) 44... fxg3 $1 (44... Re6 $5 45. Rc8+ Kd5 46. gxf4
Rxg5 47. Rd8+ Kc6 48. fxg5 Rxe5+ 49. Kf3 Rxg5 $17) 45. Bxg3 (45. fxg3 b4 (45...
Re6 46. Kf2) 46. Kf2 (46. Rf6 Rc8 $19) 46... Rd1 47. Ke2 Rd5 $19 {looks
hopeless for White.}) 45... Rg6 (45... b4 $5) 46. Rf4+ $6 ({Nor does the better
} 46. Rc8+ Kb3 47. Bf4 b4 48. Be3 h4 49. Rh8 Rg4 $19 {save White.}) 46... Kb3
47. Rf5 (47. Rf3+ $5 {was a tougher defense, but Black wins anyway.} Kc2 48.
Be5 $1 b4 (48... R6xg5 49. Rc3+ Kb2 50. Rc5+ Kb3 51. Rxb5+ Kc4 52. Ra5 h4 53.
Ra4+ Kb5 54. Re4 h3 55. Bd6 Rh5 56. Re5+ Rxe5+ 57. Bxe5 Rg5 $19 {and according
to tablebases Black wins.}) 49. Bf6 R6xg5 50. Bxg5 Rxg5 51. Rf8 Re5+ 52. Kf3
Rc5 $19) 47... b4 48. Bf4 Kc4 49. Bd2 (49. Be3 $142 b3 50. Rc5+ Kb4 51. Rc7 b2
52. Rb7+ Kc3 53. Rc7+ Kb3 54. Rb7+ Kc2 55. Rc7+ Kb1 56. Rb7 Rc6 {[%cal Gb1c2]}
57. f3 (57. Bd4 Rc2+ 58. Ke3 Rxg5 $19) 57... Rc2+ 58. Kd3 Rd1+ 59. Ke4 Re2 60.
Kf4 Kc2 61. Rc7+ Kb3 62. Rb7+ Kc4 63. Rc7+ Kb5 $19) 49... Re6+ 50. Be3 b3 51.
Rc5+ Kb4 52. Rc8 Rxg5 53. Kd3 Rd5+ 54. Bd4 Red6 55. Rb8+ Ka5 $19 {The rest
wasn't necessary and can be explained only by my frustration after spoiling a
beautiful combination.} 56. Rxb3 Rxd4+ 57. Ke2 Rb4 58. Re3 Rd5 59. Kf3 Kb5 60.
Kg3 Rg4+ 61. Kh3 Kc4 62. f3 Rg1 63. Kh2 Rg8 64. Kh3 Kd4 65. Re4+ Kd3 66. Ra4
Ke3 0-1

[Event "Bundesliga 0405"]
[Site "Germany"]
[Date "2005.02.12"]
[Round "10.5"]
[White "L'Ami, Erwin"]
[Black "Mueller, Matthias"]
[Result "1-0"]
[WhiteElo "2516"]
[BlackElo "2362"]
[Annotator "Mueller,Karsten"]
[PlyCount "163"]
[EventDate "2004.11.12"]
[EventType "team-tourn"]
[EventRounds "15"]
[EventCountry "GER"]
[SourceTitle "CBM 106"]
[Source "ChessBase"]
[SourceDate "2005.06.06"]
[SourceVersion "1"]
[SourceVersionDate "2005.06.06"]
[SourceQuality "1"]
[WhiteTeam "Katernberg"]
[BlackTeam "Erfurt"]
[WhiteTeamCountry "GER"]
[BlackTeamCountry "GER"]

1. d4 d5 2. c4 e6 3. Nf3 c6 4. Nc3 Nf6 5. Bg5 Nbd7 6. e3 Qa5 7. cxd5 Nxd5 8.
Qd2 Bb4 9. Rc1 h6 10. Bh4 c5 11. a3 Bxc3 12. bxc3 b6 13. c4 Qxd2+ 14. Nxd2 N5f6
15. f3 Ba6 16. Bg3 O-O 17. Nb3 Rfd8 18. Be2 Rac8 19. Kf2 cxd4 20. exd4 Nh5 21.
Bd6 Nb8 22. Bb4 Nf4 23. Bf1 Nc6 24. Bc3 Ng6 25. Be2 Nf4 26. Bf1 Ng6 27. g3 Nce7
28. Bb2 Nf5 29. Bd3 Nd6 30. Nd2 Ne7 31. Rhd1 Nc6 32. Nb3 b5 33. Nc5 bxc4 34.
Bf1 Nb8 35. a4 c3 36. Rxc3 Bxf1 37. Rxf1 Nc6 38. Rd1 Nf5 39. Nb7 Rd5 40. Rc5
Rb8 41. Rxc6 Rxb7 42. Rd2 Rbd7 43. g4 Nxd4 44. Rxd4 Rxd4 45. Bxd4 Rxd4 46. Rc8+
Kh7 47. Rc7 Rxa4 48. Rxf7 Kg6 49. Rb7 Kf6 50. h4 a5 51. Ra7 Ra1 52. Kg2 a4 53.
Ra5 a3 54. Ra7 g5 55. hxg5+ hxg5 56. Ra5 e5 57. Kg3 Ke6 58. Kh2 Kd6 59. Kg2 {
Despite the passed a-pawn, Black cannot win: Schwarz kann trotz des
a-Freibauern nicht gewinnen:} Kc6 (59... a2 60. Kh2 Kc6 61. Kg2 Kb6 62. Ra3 Kc5
63. Ra8 Kd4 64. Ra3 (64. Ra4+ $2 Kc3 65. Ra8 Rc1 66. Rxa2 Rc2+ 67. Rxc2+ Kxc2
$19 {because Black has the distant opposition. denn Schwarz hat die
Fernopposition.}) 64... Kc4 65. Ra8 Kc3 66. Rc8+ Kd3 67. Rd8+ Ke3 68. Ra8 Re1 (
68... Rd1 69. Rxa2 Rd2+ 70. Rxd2 Kxd2 71. Kh2 $1 $11) 69. Ra3+ $1 $11) 60. Rxe5
Rb1 (60... Kb6 61. Re6+ Kb5 62. Re5+ Kb4 63. Re4+ Kb3 64. Re3+ Kc2 65. Re2+ (
65. Re8 $2 Rb1 66. Ra8 (66. Rc8+ Kb2 67. Rb8+ Ka1 68. Re8 a2 $19) 66... Rb3 $19
(66... Kb2 $2 67. f4 gxf4 (67... a2 68. fxg5 a1=Q 69. Rxa1 Rxa1 70. Kf3 Kc3 71.
Ke4 Ra5 72. g6 Rg5 73. Kf4 Rxg6 74. Kf5 $11) 68. Kf3 Rf1+ 69. Kg2 Rc1 70. Kf3
Rc4 71. Rb8+ Kc3 72. Ra8 Kb3 73. g5 a2 74. g6 Rc6 75. g7 $11)) 65... Kd3 66.
Re5 Rb1 67. Ra5 Rb2+ 68. Kg3 a2 69. f4 $11) 61. Ra5 Rb2+ 62. Kg3 a2 63. f4 Kb6
64. Ra8 Kb5 $6 65. fxg5 Kb4 66. g6 Rb3+ 67. Kh4 Ra3 68. Rxa3 Kxa3 69. g7 a1=Q
70. g8=Q Qe1+ 71. Kh5 Qh1+ 72. Kg6 Qb1+ 73. Kh6 Qh1+ 74. Kg7 Qa1+ 75. Kf7 Qf1+
76. Ke7 Qf4 77. Qa8+ Kb2 78. Qb7+ Ka2 79. Qa6+ Kb1 80. Qb5+ Ka2 81. Qd5+ Kb1 $4
{[%mdl 8192]} (81... Ka1 $11) 82. Qf5+ 1-0

[Event "Olympiad-38"]
[Site "Dresden"]
[Date "2008.11.22"]
[Round "9"]
[White "Irwanto, Sadikin"]
[Black "Pelletier, Yannick"]
[Result "0-1"]
[WhiteElo "2441"]
[BlackElo "2557"]
[Annotator "Pelletier,Y"]
[PlyCount "114"]
[EventDate "2008.11.13"]
[EventType "team-swiss"]
[EventRounds "11"]
[EventCountry "GER"]
[SourceTitle "CBM 128"]
[Source "ChessBase"]
[SourceDate "2009.01.28"]
[SourceVersion "1"]
[SourceVersionDate "2009.01.28"]
[SourceQuality "1"]
[WhiteTeam "Indonesia"]
[BlackTeam "Switzerland"]
[WhiteTeamCountry "INA"]
[BlackTeamCountry "SUI"]

1. d4 Nf6 2. Nf3 d5 3. c4 c6 4. Nc3 e6 5. Bg5 Nbd7 6. e3 Qa5 7. Nd2 Bb4 8. Qc2
O-O 9. Be2 e5 10. O-O exd4 11. Nb3 Qb6 12. exd4 dxc4 13. Bxc4 a5 14. a4 $1 {
Das Feld b4 ist nicht so wichtig. Der schwarze a-Bauer muss gestoppt werden.}
Qc7 15. h3 (15. Rae1 {sieht besser aus, wie in der berühmten
Schnellschachpartie Carlsen-Kasparov, Reykjavik 2004.}) 15... h6 16. Bh4 (16.
Bxh6 $2 {funktioniert nicht wegen} gxh6 17. Qg6+ Kh8 18. Qxh6+ (18. Bxf7 Qf4
$19) 18... Nh7 $17) 16... Nb6 17. Bd3 (17. Bxf6 Nxc4 18. Na2 Be6 $1 19. Nxb4
axb4 20. Nc5 Bd5 21. Be5 Qe7 $15) 17... Nbd5 18. Bc4 ({Mit diesem
überraschenden Rückzug zeigt sich Weiß mit einer Zugwiederholung zufrieden.} 
18. Rfe1 Bd6 $11) 18... Qf4 19. Bg3 Bf5 $6 ({Dass Weiß nach dieser
Ungenauigkeit eine solche Initiative entfalten würde, habe ich völlig
übersehen. Besser war} 19... Qg5) 20. Bd3 $1 Bxd3 21. Qxd3 Qg5 22. f4 Qg6 23.
f5 Qg5 24. Rf3 {Der weiße Plan ist einfach und gefährlich, wobei die schwarze
Dame Bewegungsprobleme hat.} Rfe8 25. Be5 Rad8 {Während der Partie dachte ich,
meine Stellung sei schlecht. Erstaunlicherweise ist es nicht der Fall, sie ist
verteidigungsfähig.} 26. Rg3 (26. Re1 h5 $5) 26... Qh4 27. Qf3 Bd6 {Der
störende Be5 wird abgetauscht, der weiße Druck lässt nach.} 28. Qf2 $6 ({
Weiß musste sich schon um Ausgleich bemühen. Am sichersten war hier} 28. Nxd5
cxd5 {, und erst dann} 29. Qf2 Kh8 30. Bxd6 Rxd6 $11) (28. Re1 $2 {würde aber
sofort zum Verlust führen:} Bxe5 29. Rxe5 (29. dxe5 Nh5) 29... Nxc3 30. bxc3
Rxe5 31. dxe5 Nh5 32. Rg4 Qe1+ 33. Kh2 Rd1 $19) 28... Kh8 29. Bxd6 (29. Nxd5 $2
Bxe5 30. dxe5 Ne4 $19) 29... Rxd6 ({Die Fesselung geht jetzt nicht:} 29... Nxc3
$6 30. bxc3 Ne4 $2 31. Qf4) 30. Nd2 $6 ({Zu einem leicht schlechteren aber
wohl haltbaren Endspiel führte} 30. Rf3 Qxf2+ 31. Kxf2 b6 32. Re1) 30... Ne7 $1
31. Nf3 (31. Nc4 $6 Rxd4 32. Ne5 Nxf5 $1 33. Nxf7+ Kg8 34. Rf3 Kxf7 35. Rxf5
Qxf2+ 36. Rxf2 Kg6 $17) (31. Rd3 Qxf2+ 32. Kxf2 Red8 $15) 31... Qf4 32. Ne5
Qxf2+ 33. Kxf2 Kg8 $6 ({Genauer war} 33... Rxd4 34. Nxf7+ Kh7 $17) 34. Nc4 $2 (
{Weiß revanchiert sich in Zeitnot mit diesem entscheidenden Fehler. Nach} 34.
Rd3 Nxf5 35. Nc4 Rxd4 36. Rxd4 Nxd4 37. Nxa5 Re7 {wäre noch Arbeit nötig, um
den Mehrbauern zu verwerten.}) 34... Rxd4 35. Nxa5 Nxf5 36. Rf3 Nh4 37. Rg3 Nf5
38. Rf3 Nh4 39. Rg3 Rd2+ (39... Rb4 40. b3 Re5 41. Nc4 Rf5+ 42. Kg1 Rxb3 $19)
40. Kf1 Rxb2 41. Rb1 Ree2 (41... Rxb1+ 42. Nxb1 Ne4 $19) 42. Nc4 Rf2+ 43. Ke1
Rxb1+ (43... Nxg2+ 44. Rxg2 Rxb1+ 45. Kxf2 Rc1 46. Nd6 Rxc3 47. Nxb7 Rxh3 48.
Kg1 Ra3 49. a5 Ra1+ 50. Kh2 g5 $19) 44. Kxf2 Rb4 45. Nd6 Rb2+ 46. Kf1 b6 47.
Nc4 (47. Rd3) 47... Rb4 48. Ne5 Nf5 49. Rd3 Nd4 50. g4 (50. Kf2 c5 51. Ke3 Kf8
$19) 50... c5 51. h4 $6 Ne6 52. Rd6 Ne4 53. Nxe4 Rxe4 54. Nd7 Rxa4 55. g5 Rxh4
56. g6 (56. gxh6 Rd4 57. Rxd4 cxd4 58. hxg7 b5 $19) 56... Rd4 57. gxf7+ Kxf7
0-1

[Event "FRA-chT Top 16 GpB"]
[Site "France"]
[Date "2007.02.09"]
[Round "1.5"]
[White "Pelletier, Yannick"]
[Black "Flear, Glenn C"]
[Result "1-0"]
[WhiteElo "2589"]
[BlackElo "2480"]
[Annotator "Pelletier,Y"]
[PlyCount "123"]
[EventDate "2007.02.09"]
[EventType "team"]
[EventRounds "11"]
[EventCountry "FRA"]
[SourceTitle "CBM 118"]
[Source "ChessBase"]
[SourceDate "2007.05.31"]
[SourceVersion "1"]
[SourceVersionDate "2007.05.31"]
[SourceQuality "1"]
[WhiteTeam "Clichy"]
[BlackTeam "Montpellier"]
[WhiteTeamCountry "FRA"]
[BlackTeamCountry "FRA"]

1. d4 d5 2. c4 e6 3. Nf3 Nf6 4. Nc3 c6 5. Bg5 Nbd7 6. e3 Qa5 7. cxd5 Nxd5 8.
Qd2 N7b6 {Ein wenig erprobter Zug in einer bekannten Variante.} 9. Bd3 Nxc3 10.
bxc3 Na4 ({Auch nach} 10... Nd5 {hat Weiß kaum etwas Besseres als dieses
Bauernopfer.}) 11. O-O Qxc3 12. Qe2 Qb2 13. Bc2 Qb5 14. Bd3 Qb2 15. Bc2 Qb5 16.
Qd1 Nc3 17. Qd2 Bb4 ({Interessant ist auch zuerst} 17... Ne2+ 18. Kh1 Bb4 {
, wonach Weiß} 19. a4 $5 {spielen kann.}) 18. Bd3 Qb6 (18... Qa4 19. a3 Ba5 20.
Qb2 {ist kaum empfehlenswert.}) 19. a3 Ba5 20. Qc2 h6 21. Bh4 O-O 22. Be7 $2 ({
Der einleitende Zug zu einem illusorischen Angriff. Nach} 22. Ne5 Qc7 23. Nc4
Nd5 24. Bg3 Qd8 25. Bd6 Re8 26. Bh7+ Kh8 27. Rab1 $36 {steht Weiß
aussichtsreich.} (27. Ne5 Qf6)) ({Dasselbe gilt auch für} 22. Nd2 $5) 22... Re8
23. Bc5 (23. Bh7+ Kh8 24. Bd6 e5 25. Nxe5 Be6 {ist nicht so klar.}) 23... Qc7
24. Ne5 Rd8 (24... f5 {ist nicht nötig, wie ich mir bei 22.Be7 dachte.}) 25.
Bh7+ Kh8 {Erst hier verstand ich, dass mein Angriff nicht durchbricht. Aber es
gibt schon kein zurück mehr, wenn sich Weiß mit Ausgleich nicht zufrieden
geben will.} 26. Bg6 (26. f4 b6 27. Bb4 Bxb4 28. axb4 Nd5) 26... fxg6 27. Qxg6
(27. Nxg6+ Kg8 28. Ne7+ Kh8 {ist nur Dauerschach. Dass der König zurück in die
Ecke darf, hatte ich zuvor übersehen.}) 27... b6 ({Nach} 27... Kg8 {sollte
Schwarz kein Problem haben, man sehe:} 28. Ng4 Kh8 29. f4 b6 (29... Nd5 30. Ne5
b6 31. Nf7+ Kg8 32. Nxh6+ Kh8 33. Rf3 $18) (29... Bb6 30. Nxh6) 30. Rf3 (30.
Ne5 bxc5) 30... e5 $1 (30... bxc5 $2 31. Rh3 (31. Nf6 gxf6 32. Rh3 Qg7) 31...
Kg8 32. Nxh6+ Kf8 33. Ng4 e5 34. fxe5) 31. Nxh6 e4 $11) 28. Nf7+ (28. Bd6 Rxd6
$11) 28... Qxf7 $6 ({Es war schwer vorauszusehen, dass Schwarz nach diesen
Verwicklungen schlechter stehen wird. Daher war} 28... Kg8 {angebracht:} 29.
Nxh6+ Kh8 30. Nf7+ Kg8 31. Nxd8 $5 Qxd8 32. Bb4 Bxb4 33. axb4 Bd7 $13) 29. Qxf7
bxc5 30. dxc5 $1 ({Weiß gibt etwas Material zurück, um eine gute Kontrolle zu
behalten. Nach} 30. Kh1 cxd4 31. exd4 Nb5 {stünde Schwarz besser.}) 30... Ba6
31. Qxe6 Bxf1 32. Rxf1 Rac8 33. Qc4 {Die schwarzen Leichtfiguren stehen
unbequem.} Nb5 (33... Nd5 34. Qa4 {und a7 hängt.}) 34. g3 Rd5 (34... Rb8 $142)
35. a4 Nc7 36. Rb1 Re8 (36... Rcd8 37. Rb7) 37. Rb7 Ne6 38. Rxa7 (38. Qe4 Bc3
39. Qg6 Rdd8 40. Rxa7 Bf6) 38... Rxc5 39. Qe4 Nc7 40. Qf4 ({Nach} 40. Qg6 Re6
41. Qf7 Rf6 42. Qe7 Ne6 {war mir nicht klar, wie fortzusetzen.}) 40... Rce5 (
40... Nd5 41. Qd6 (41. Qf7 Rg8 42. e4 Nf6) 41... Rc1+ 42. Kg2) 41. Qf7 ({
Die Abwicklung} 41. Rxa5 Rxa5 42. Qxc7 Rxa4 43. Qxc6 {sollte auch reichen,
aber es schien mir besser, die Spannung zu halten.}) 41... Rb8 (41... R5e7 42.
Qc4) (41... R8e7 42. Qf8+ Kh7 43. Rxa5 Re8 44. Qb4) 42. Qd7 (42. Rxc7 Bxc7 43.
Qxc7 {stellt die gleiche Frage.}) 42... Rc5 (42... Bb6 43. Rb7 $1) 43. Kg2 Bb6
({Nach} 43... Rb2 {verfügt Weiß über einen hübschen Trick:} 44. Qd8+ Kh7 45.
Rxa5 $1 Rxa5 46. Qd3+ Kh8 47. Qc3) 44. Rb7 Rxb7 45. Qc8+ Kh7 46. Qxb7 Ba5 47.
Qa7 Ne6 48. Qe7 Re5 49. Qd6 Bc7 50. Qxc6 Kg6 51. e4 ({Leichter war wohl} 51. f4
Rxe3 52. Kf2) 51... Kf6 52. f4 Rc5 53. e5+ (53. Qd7 $142) 53... Ke7 54. Qe4 Ra5
55. h4 Rc5 56. Kh3 Ra5 57. Qb4+ Kf7 58. f5 Nc5 59. e6+ Ke7 60. Qc3 Kd6 61. Qd4+
Kc6 62. e7 1-0